LEADER 01173nam--2200361---450- 001 990001764460203316 005 20091014122001.0 010 $a1-58826-240-5 035 $a000176446 035 $aUSA01000176446 035 $a(ALEPH)000176446USA01 035 $a000176446 100 $a20040617d2004----km-y0enga50------ba 101 $aeng 102 $aUS 105 $ay|||z|||001yy 200 1 $a<> UN security council$efrom the cold war to the 21st century$fedited by David M. Malone 210 $aBoulder$aLondon$cLynne Rienner$d2004 215 $aXII, 745 p.$d24 cm 300 $aIn cop. e nell'occh.: A project of the international peace academy 606 0 $aNazioni Unite$xConsiglio di sicurezza 676 $a341.2323 700 1$aMALONE,$bDavid M.$0563198 801 0$aIT$bsalbc$gISBD 912 $a990001764460203316 951 $aXXIII.1.M. 71 (IG VIII 8 674)$b41781 G.$cXXIII.1.M. 71 (IG VIII)$d00134054 959 $aBK 969 $aGIU 979 $aMARIA$b10$c20040617$lUSA01$h0942 979 $aCHIARA$b90$c20041130$lUSA01$h1342 979 $aRSIAV2$b90$c20091014$lUSA01$h1220 996 $aUN security council$9945490 997 $aUNISA LEADER 01355nam 2200421 450 001 9910156189103321 005 20201006230746.0 035 $a(CKB)3710000000984926 035 $a(MiAaPQ)EBC4717070 035 $a(EXLCZ)993710000000984926 100 $a20170110h20172017 uy 0 101 0 $aeng 135 $aurcnu|||||||| 181 $ctxt$2rdacontent 182 $cc$2rdamedia 183 $acr$2rdacarrier 200 04$aThe future of library space /$fedited by Samantha Schmehl Hines, Kathryn Moore Crowe 210 1$aBingley, England :$cEmerald Group Publishing Limited,$d2017. 210 4$dİ2017 215 $a1 online resource $cillustrations 225 1 $aAdvances in Library Administration and Organization ;$vVolume 36 311 $a1-78635-270-2 311 $a1-78635-269-9 320 $aIncludes bibliographical references. 410 0$aAdvances in library administration and organization ;$vv. 36. 606 $aLibraries$xSpace utilization 608 $aElectronic books. 615 0$aLibraries$xSpace utilization. 676 $a020.72 702 $aHines$b Samantha$g(Samantha Schmehl), 702 $aCrowe$b Kathryn Moore 801 0$bMiAaPQ 801 1$bMiAaPQ 801 2$bMiAaPQ 906 $aBOOK 912 $a9910156189103321 996 $aThe future of library space$92443273 997 $aUNINA